| 000 | 00863nam a2200253Ia 4500 | ||
|---|---|---|---|
| 003 | OSt | ||
| 005 | 20221005103153.0 | ||
| 006 | a|||||r|||| 00| 0 | ||
| 007 | ta | ||
| 008 | 221004b |||||||| |||| 00| 0 hin d | ||
| 024 | _a16844 | ||
| 037 | _cTextual | ||
| 040 |
_aCRL _cCRL _bhin |
||
| 041 |
_2hin _ahin |
||
| 082 | _aV2'E, 152L0.1 | ||
| 100 | _aमजुमदार, रमेशचन्द्र | ||
| 245 | 0 | _aभारत का बृहत् इतिहास | |
| 246 | _aBhārat kā bṛuhat itihāsa | ||
| 260 |
_aकलकत्ता _bमैकमिलन एण्ड कम्पनी भारत _c1970 |
||
| 300 |
_a275पृ0 _ccm. |
||
| 650 | _aविश्व-इतिहास | ||
| 942 |
_hV2'E, 152L0.1 _cTEXL _2cc |
||
| 999 |
_c1009549 _d1009549 |
||